000 00822nam a22002537a 4500
001 75548
003 BD-RjUL
005 20211209082717.0
008 190424r20152013 a|||| |||| 001 0 eng d
020 _a9788131775585
035 _a(BD-RjUL)75766
040 _aBD-RjUL
_beng
_cBD-RjUL
041 _aeng
082 _222
_a658.45
_bCHB 2015
100 _aChaturvedi, P D
_9231088
245 _aBusiness Communication :
_bconcepts, skills, cases and applications /
_cP D Chaturvedi, Mukesh Chaturvedi
250 _a 3rd ed
260 _aDelhi :
_bPearson India,
_cc2013 [impression 2015].
300 _axxii, 400 pages :
_billustrations ;
_c28 cm
504 _aIncludes bibliographical references and index.
650 _aBusiness Communication.
_9231089
700 _aChaturvedi, Mukesh
_9231091
942 _2ddc
_cBK
999 _c75548
_d75548